| 000 | 00559nam a22001817a 4500 | ||
|---|---|---|---|
| 008 | 230620b |||||||| |||| 00| 0 eng d | ||
| 020 | _a0-87933-185-2 | ||
| 040 |
_aNational Science Library _cNational Science Library |
||
| 080 |
_aR 56(038) _bL9 |
||
| 245 | _aEncyclopedia of paleontology | ||
| 260 |
_aStroudsburg: _bDowden, Hutchingon & Ross, Inc., _c1979 |
||
| 300 | _axiii, 886p. | ||
| 490 |
_aEncyclopedia of earth sciences _vVolume 7 |
||
| 650 | _aScience | ||
| 653 | _aPaleontology | ||
| 700 | _aFairbridge, Rhodes W (Ed.) | ||
| 942 |
_2udc _cENC |
||
| 999 |
_c45095 _d45095 |
||